| 000 | 00809nam a22002297a 4500 | ||
|---|---|---|---|
| 008 | 081114t xxu||||| |||| 00| 0 eng d | ||
| 010 | _aENG-91382 | ||
| 020 |
_a9788125919056 _c125.00 |
||
| 035 | _aEN-74915 | ||
| 037 | _bDBAD / PUB | ||
| 040 |
_adpl _bEnglish |
||
| 082 | _a483 | ||
| 100 | _aSreevalsan, M.C. | ||
| 245 |
_aVocabulary at your fingertips / _cby M.C. Sreevalsan |
||
| 260 |
_aNew Delhi _bVikas Publishing House _c2007 |
||
| 270 |
_a576, Masjid Road, Jangpura _bNew Delhi _e110014 |
||
| 300 |
_axii, 195p. _c20cm (pbk) |
||
| 500 | _aIncludes index | ||
| 650 |
_aEnglish language _xGrammar |
||
| 942 |
_2ddc _cEN _mSRE _h483 |
||
| 999 |
_c18434 _d18434 |
||